Rast konkurencieschopnosti exportného podniku v podmienkach zdieľanej ekonomiky ako dôsledok implementácie procesu riadenia transakčných nákladov v exportnej cene diplomová práca

Saved in:
Bibliographic Details
Main Author: Klučková, Andrea
Corporate Author: Obchodná fakulta EU. Katedra medzinárodného obchodu
Other Authors: Minárik, Marek
Format: Book
Language:Slovak
Published: Bratislava 2020
Tags: Add Tag
No Tags, Be the first to tag this record!

MARC

LEADER 00000nbm a2200000 4500
001 0268059
005 20201008083331.7
041 0 |a slo 
044 |a SK 
245 1 0 |a Rast konkurencieschopnosti exportného podniku v podmienkach zdieľanej ekonomiky ako dôsledok implementácie procesu riadenia transakčných nákladov v exportnej cene  |b diplomová práca  |c Andrea Klučková ; školiteľ: Marek Minárik 
264 1 |a Bratislava  |c 2020 
300 |a 73 s. 
100 1 |a Klučková, Andrea 
700 1 |a Minárik, Marek 
710 2 |a Obchodná fakulta EU. Katedra medzinárodného obchodu